000 01341nam a2200337 c 4500
003 BLK
005 20180420222924.0
008 180408b bul|||||r ||||||| ||bul||
010 _aKNG00064141000
040 _aBLK
041 _aBUL
_cBUL
080 _aБетонни и стоманобетонни монолитни конструкции. Вж и 691. 3 ; 693. 5
_b624.012.4
_x(075.8)
_z624.012.4(075.8)
100 1 _aМаноилов, Левчо Антонов
_eпърви автор
_9266498
139 _aСтоманобетон
_bМ 27
245 1 0 _aСтоманобетон
_bУчебник за студентите от ВИАС
_cЛевчо Антонов Маноилов.
250 _a3. осн. прераб. изд.
257 _aBGR
260 София
_bТехника
_c1983
_fЯмбол : Г. Димитров
300 _a532 с.
_bсъс сх., табл., диагр.
_c25 см
380 _a62
500 _a1. изд. 1972. - Библиогр. с. 526-527.
504 _a526-527
650 4 _aСтоманобетон - учебници за ВУЗ
_9287495
653 _aстоманобетонни конструкции
653 _aучебници за ВУЗ
852 _aЦб 125065
856 4 _qpdf
_u
856 4 _qpdf
_u
942 _cKNG
_n0
944 _aCR
_c13.06.2004
_kЧиталня
944 _aED
_c26.08.2015
_k
999 _c60013
_d60013